| 000 | 00874nam a2200325Ia 4500 | ||
|---|---|---|---|
| 001 | 35386 | ||
| 003 | IT-RoPAU | ||
| 008 | 130308s9999 xx 000 0 und d | ||
| 040 | _aIT-RoPAU | ||
| 040 | _cIT-RoPAU | ||
| 041 | _aINGLESE | ||
| 100 | _aMoore Terry | ||
| 100 | _gCodice Aut. SPICS: 16799 | ||
| 245 | _aAuthority and Participation | ||
| 245 | _bTheory And practice Of curriculum Studies | ||
| 250 | _a1a ed. | ||
| 260 | _aLONDON | ||
| 260 | _bRoutledge & Kegan Paul | ||
| 260 | _c1983 [1° Ed.:1978 - Ed.Ling.Originale:1978] | ||
| 300 | _a"11 p. (prefazione: no ; testo: 11 [pagine: 261-271])" | ||
| 500 | _aAutorità e Partecipazione | ||
| 650 | _aSAGGI DI PEDAGOGIA | ||
| 650 | _eCodice materia Spics: 3557 | ||
| 700 | _aLawton Denis | ||
| 700 | _gCodice Aut. SPICS: 16802 | ||
| 942 | _cBK | ||
| 957 | _71 | ||
| 999 |
_c42150 _d42150 |
||
| 999 | _bSI | ||
| 999 | _g1 | ||